Seguridad alimentaria y calidad de los alimentos: ¿una estrategia campesina? /

Salvato in:
Dettagli Bibliografici
Autore principale: Appendini, Kirsten
Altri autori: García Barrios, Raúl, Tejera, Beatríz de la
Natura: testo
Soggetti:
Tags: Aggiungi Tag
Nessun Tag, puoi essere il primo ad aggiungerne!!

MARC

LEADER 00000 a a2200000 04500
001 16271
003
040
100 |a Appendini, Kirsten  
245 |a Seguridad alimentaria y calidad de los alimentos:   |b ¿una estrategia campesina? /  |c Kirsten Appendini 
650 |a SEGURIDAD ALIMENTARIA  
650 |a CALIDAD DE LA VIDA  
650 |2 Macrothesaurus de la OCDE  
650 |a GLOBALIZACION  
650 |a DESIGUALDAD REGIONAL  
650 |a MAIZ  
650 |a MEXICO  
700 |a García Barrios, Raúl  
700 |a Tejera, Beatríz de la  
773 |g número 75; páginas 65-83  
999 |c 22589  |d 22589